[Event "Milton"]
[Site "http://www.queenalice.com/game.php?id=802755"]
[Date "2010.7.13"]
[Round "-"]
[White "foda"]
[Black "Milton"]
[Result "1-0"]
[WhiteElo "1454"]
[BlackElo "1488"]

1. Nf3 d5 2. d4 Bf5 3. g3 e6 4. Bg2 Bd6 5. O-O Nc6 6. Re1 e5 7. dxe5 Bxe5 8.
Nxe5 Nxe5 9. Bf4 Nc4 10. b3 Nb2 11. Qc1 Qf6 12. c3 d4 13. cxd4 Qxd4 14. e3 Qf6
15. e4 O-O-O 16. Qxc7# 1-0

[Event "Challenge"]
[Site "http://www.queenalice.com/game.php?id=806798"]
[Date "2010.7.22"]
[Round "-"]
[White "Pabl"]
[Black "foda"]
[Result "1-0"]
[WhiteElo "1292"]
[BlackElo "1499"]

1. e4 Nc6 2. d4 e6 3. d5 exd5 4. exd5 Nb4 5. a3 Na6 6. Nf3 Nc5 7. Be3 Na4 8. Bd4
c5 9. Bc3 Qb6 10. Qe2+ Be7 11. Bxg7 Qa5+ 12. Qd2 Qxd2+ 13. Kxd2 Bf6 14. Bxh8
Bxh8 15. c3 Nxb2 16. a4 Nf6 17. Ra2 Nxa4 18. Rxa4 Nxd5 19. Rc4 b6 20. Re4+ Ne7
21. Rh4 Ng6 22. Rxh7 Bf6 23. Bc4 Bb7 24. Rxf7 Ne5 25. Re1 Kd8 26. Rxf6 Nxc4+ 27.
Kd3 Nb2+ 28. Kc2 Na4 29. Rf8+ Kc7 30. Rxa8 Bxa8 31. h4 b5 32. Na3 b4 33. Nb5+
Kb6 34. Nd6 Kc6 35. Ne8 Nxc3 36. h5 Kb5 37. h6 Be4+ 38. Kd2 a5 39. Nd6+ Kc6 40.
Nxe4 b3 41. Nxc3 b2 42. h7 d5 43. h8=Q d4 44. Qh6+ Kc7 45. Re7+ Kd8 46. Qf8# 1-0

[Event "LancFred"]
[Site "http://www.queenalice.com/game.php?id=807118"]
[Date "2010.7.23"]
[Round "-"]
[White "foda"]
[Black "LancFred"]
[Result "1-0"]
[WhiteElo "1487"]
[BlackElo "1387"]

1. Nf3 e6 2. d4 d5 3. g3 Nf6 4. Bg2 Bd6 5. O-O O-O 6. Nc3 Nc6 7. Re1 b6 8. Bg5
h6 9. Bxf6 Qxf6 10. e4 Qg6 11. Nh4 Qh7 12. exd5 Na5 13. dxe6 Bxe6 14. d5 Bd7 15.
Rb1 g5 16. Nf3 Bg4 17. Nb5 Rfd8 18. h3 Bxf3 19. Bxf3 Qg7 20. b4 Nc4 21. Rb3 a6
22. Nd4 Qf6 23. Nc6 Re8 24. Rxe8+ Rxe8 25. Qf1 Nd2 26. Qd3 Nxf3+ 27. Qxf3 Qxf3
28. Rxf3 Re2 29. Nd4 Re4 30. Nf5 Bxb4 31. Nxh6+ Kh7 32. Nxf7 Kg6 33. Nh8+ Kh5
34. g4+ Kh6 35. Rf6+ Kg7 36. Rf7+ Kxh8 37. Rxc7 Rd4 38. c3 Bxc3 39. Rxc3 Rxd5
40. Rc8+ Kg7 41. Rc7+ Kf8 42. a4 Ra5 43. Rb7 b5 44. axb5 Rxb5 45. Ra7 Rb1+ 46.
Kg2 Ra1 47. Ra8+ Ke7 48. Ra7+ Ke6 49. Kg3 Kf6 50. h4 Ra3+ 51. f3 gxh4+ 52. Kxh4
Rxf3 53. g5+ Kf5 54. Rxa6 Rf4+ 55. Kh5 Rg4 56. Ra5+ 1-0

[Event "Challenge"]
[Site "http://www.queenalice.com/game.php?id=812560"]
[Date "2010.8.3"]
[Round "-"]
[White "jamesxirb"]
[Black "foda"]
[Result "1-0"]
[WhiteElo "1410"]
[BlackElo "1473"]

1. e4 Nc6 2. d4 e6 3. Nf3 d5 4. Nc3 f5 5. e5 Bb4 6. a3 Bxc3+ 7. bxc3 g5 8. Bxg5
Nge7 9. Bf6 Rf8 10. Ng5 h6 11. Nh7 Rf7 12. Qh5 Qd7 13. g3 Kd8 14. Qxf7 Qe8 15.
Qg7 Qg8 16. Qxh6 Qg6 17. Qf8+ Kd7 18. Qh8 Ng8 19. Nf8+ Ke8 20. Nxg6 1-0

[Event "Challenge"]
[Site "http://www.queenalice.com/game.php?id=812562"]
[Date "2010.8.3"]
[Round "-"]
[White "foda"]
[Black "jamesxirb"]
[Result "1-0"]
[WhiteElo "1475"]
[BlackElo "1386"]

1. Nf3 d5 2. d4 Nc6 3. g3 Nf6 4. Bg2 e6 5. O-O Bd6 6. Re1 O-O 7. Bg5 h6 8. Bxf6
Qxf6 9. e4 dxe4 10. Nh4 Nxd4 11. c3 e3 12. Rxe3 e5 13. cxd4 exd4 14. Rd3 Bc5 15.
Qd2 Re8 16. b4 Bb6 17. Nf3 Qg6 18. Nxd4 Rd8 19. Nc3 Qf6 20. Rd1 Rxd4 21. Rxd4
Bg4 22. Rxg4 c6 23. Rf4 Qe7 24. Re1 Qc7 25. b5 c5 26. Nd5 Qd6 27. Ne7+ Kf8 28.
Qxd6 Ba5 29. Re5 f6 30. Rxc5 Bb4 31. Rxb4 Re8 32. Rc7 g5 33. Ng6+ Kg8 34. Ne7+
Kf8 35. Qxf6# 1-0

[Event "Challenge"]
[Site "http://www.queenalice.com/game.php?id=815806"]
[Date "2010.8.9"]
[Round "-"]
[White "jjjcarvalho"]
[Black "foda"]
[Result "1-0"]
[WhiteElo "1646"]
[BlackElo "1458"]

1. Nf3 d5 2. d4 Bg4 3. e3 Nf6 4. c4 e6 5. Nc3 Bb4 6. Bd2 O-O 7. cxd5 exd5 8. Be2
Re8 9. h3 Bxf3 10. Bxf3 Nc6 11. a3 Bxc3 12. bxc3 b5 13. O-O Rb8 14. Qb3 Na5 15.
Qb4 Nc6 16. Qc5 Qd7 17. Rfb1 a6 18. a4 bxa4 19. c4 Rxb1+ 20. Rxb1 Rb8 21. Rxb8+
Nxb8 22. cxd5 c6 23. dxc6 Qc8 24. Ba5 Nxc6 25. Qxc6 Qd7 26. Qxd7 Nxd7 27. Bc6 a3
28. Bxd7 a2 29. Bc3 Kf8 30. f4 Ke7 31. Ba4 f5 32. Bb3 h5 33. Bxa2 Kd6 34. Kf2
Kc6 35. d5+ Kd6 36. Bxg7 a5 37. Kf3 Ke7 38. e4 Kf7 39. d6+ Kxg7 40. d7 fxe4+ 41.
Kxe4 Kf8 42. d8=Q+ Kg7 43. f5 Kh6 44. h4 Kh7 45. Qg8+ Kh6 46. Qg6# 1-0

[Event "Gilsinho22"]
[Site "http://www.queenalice.com/game.php?id=818051"]
[Date "2010.8.14"]
[Round "-"]
[White "foda"]
[Black "gilsinho22"]
[Result "0-1"]
[WhiteElo "1481"]
[BlackElo "1519"]

1. Nf3 Nc6 2. g3 e5 3. e4 d5 4. exd5 Qxd5 5. Nc3 Qe6 6. Bg2 Qf5 7. O-O Nb4 8.
Nh4 Qxc2 9. a3 Qxd1 10. Rxd1 Nd3 11. Nd5 Bd6 12. Be4 Nc5 13. Bc2 g5 14. Nf3 Bg4
15. b4 Bxf3 16. bxc5 Bxd1 17. cxd6 Kd7 18. Bxd1 Kxd6 19. Bb3 Nh6 20. d3 c6 21.
Nf6 Rad8 22. Bxg5 Rc8 23. Bxh6 Kc7 24. Bxf7 Rcd8 25. Bg7 Rhf8 26. Bxf8 Rxf8 27.
Ne8+ Kd7 28. Nf6+ Ke7 29. Nxh7 Rxf7 30. Ng5 Rf5 31. h4 b5 32. g4 Rf6 33. Re1 Rd6
34. Rxe5+ Kf8 35. Nh7+ Kg7 36. Re7+ Kg8 37. g5 Rxd3 38. Nf6+ Kf8 39. Rxa7 c5 40.
Nd7+ Kg8 41. Nxc5 Rh3 42. Ra8+ Kf7 43. Ra7+ Kg6 44. Ra6+ Kf7 45. g6+ Kg7 0-1

[Event "Challenge"]
[Site "http://www.queenalice.com/game.php?id=820188"]
[Date "2010.8.19"]
[Round "-"]
[White "foda"]
[Black "vinoseco"]
[Result "0-1"]
[WhiteElo "1479"]
[BlackElo "1461"]

1. Nf3 Nf6 2. g3 Nc6 3. d4 d5 4. Bg2 Ng4 5. h3 Nh6 6. O-O e6 7. Re1 Nf5 8. e4
dxe4 9. Rxe4 f6 10. g4 Nh6 11. Bxh6 gxh6 12. Nc3 Qd6 13. Nb5 Qb4 14. Nxc7+ Kf7
15. Nxa8 Qxb2 16. Nc7 Qb6 17. Na8 Qa5 18. Bf1 Bd6 19. Qe1 Bb4 20. d5 Bxe1 21.
Raxe1 Qxd5 22. Nc7 Qxa2 23. Nxe6 Ke7 24. Bc4 Qxc2 25. Nc7+ Kd6 26. Nb5+ Kc5 27.
h4 a6 28. g5 axb5 29. Bf7 Bg4 30. R1e2 Qc3 31. Rxg4 Qxf3 32. Rc2+ Kb6 33. Be6
Re8 34. Rg3 Qd1+ 35. Kg2 Qxc2 36. Bb3 Qe4+ 37. Rf3 Nd4 38. Bf7 Qxf3+ 39. Kf1
Qe2+ 40. Kg2 Qg4+ 41. Kf1 Re2 42. h5 Qf3 43. gxf6 Qxf2# 0-1

[Event "AuntieRenie"]
[Site "http://www.queenalice.com/game.php?id=821107"]
[Date "2010.8.21"]
[Round "-"]
[White "foda"]
[Black "AuntieRenie"]
[Result "1-0"]
[WhiteElo "1462"]
[BlackElo "1557"]

1. Nf3 d5 2. d4 Nf6 3. g3 e6 4. Bg2 g6 5. O-O Bg7 6. Re1 Nbd7 7. Nc3 c5 8. Bg5
cxd4 9. Nxd4 O-O 10. e4 Qc7 11. Ncb5 Qe5 12. Bxf6 Nxf6 13. f4 Qb8 14. e5 Nd7 15.
c4 a6 16. Nd6 b5 17. Nc6 Qb6+ 18. Nd4 Nc5 19. cxd5 Ra7 20. dxe6 Nxe6 21. Nxc8
Rxc8 22. Rc1 Rxc1 23. Qxc1 Rc7 24. Qe3 Nxd4 25. Qe4 Rc8 26. Rd1 Nf3+ 27. Kh1 Rd8
28. Qxf3 Rxd1+ 29. Qxd1 Bf8 30. Bd5 Bc5 31. e6 fxe6 32. Be4 Bd4 33. Qc1 e5 34.
Qc8+ Kg7 35. Qd7+ Kh6 36. Qh3+ Kg7 37. f5 Qc5 38. fxg6 Qc1+ 39. Kg2 Qxb2+ 40.
Kf3 h6 41. Qd7+ Kf6 42. Qc6+ Kg7 43. Qd7+ Kg8 44. Qf7+ Kh8 45. g7# 1-0

[Event "Challenge"]
[Site "http://www.queenalice.com/game.php?id=827962"]
[Date "2010.9.4"]
[Round "-"]
[White "jamesxirb"]
[Black "foda"]
[Result "0-1"]
[WhiteElo "1385"]
[BlackElo "1450"]

1. e4 Nc6 2. d4 e5 3. Nf3 Nf6 4. Nc3 Bb4 5. Bd2 O-O 6. a3 Bxc3 7. Bxc3 exd4 8.
Nxd4 Nxe4 9. f3 Ng5 10. Bd2 Nxd4 11. Bxg5 Qxg5 12. Qxd4 Re8+ 13. Kf2 Qe5 14. Qb4
Qe3+ 15. Kg3 c5 16. Qa4 Qd4 17. Bb5 Qxb2 18. Bc4 Re3 19. Rhb1 Qe5+ 20. Kf2 d5
21. Bb5 a6 22. h3 c4 23. Be8 Re2+ 24. Kf1 Qxe8 25. Qxe8+ Rxe8 26. c3 Bf5 27.
Rxb7 Bd3+ 28. Kf2 Re2+ 29. Kg3 Rae8 30. Rg1 f5 31. Rb6 h5 32. a4 R8e6 33. Rb8+
Re8 34. Rb6 R2e6 35. a5 Rxb6 36. axb6 Rb8 37. Re1 Rxb6 38. Kh4 g6 39. Kg5 a5 40.
Re8+ Kf7 41. Re5 Bf1 42. Rxd5 Bxg2 43. Kh6 Bxf3 44. Rd7+ Kf6 45. Rg7 Rb3 46.
Rxg6+ Ke5 47. Rg3 Rxc3 48. Rg7 Bd1 49. Re7+ Kf6 50. Rc7 Rxh3 51. Rxc4 Bb3 52.
Rc6+ Be6 53. Ra6 f4 54. Rxa5 f3 55. Ra8 f2 56. Ra1 Bg4 57. Rf1 Rh2 58. Rc1 Rh3
59. Rc6+ Be6 60. Rc1 h4 61. Rf1 Rf3 62. Kh5 h3 63. Kh6 h2 64. Kh5 Bc4 65. Kg4
Bxf1 66. Kxf3 h1=Q+ 67. Kxf2 Qg2+ 68. Ke1 Qe2# 0-1

[Event "Challenge"]
[Site "http://www.queenalice.com/game.php?id=838460"]
[Date "2010.9.26"]
[Round "-"]
[White "Gustavo_siqueira"]
[Black "foda"]
[Result "1-0"]
[WhiteElo "1852"]
[BlackElo "1458"]

1. e4 Nc6 2. Nf3 Nf6 3. Nc3 e5 4. Bc4 Bb4 5. Ng5 O-O 6. d3 a6 7. a3 Bxc3+ 8.
bxc3 b5 9. Bb3 h6 10. h4 hxg5 11. hxg5 Ne8 12. Qh5 g6 13. Qh8# 1-0

[Event "Challenge"]
[Site "http://www.queenalice.com/game.php?id=843899"]
[Date "2010.10.10"]
[Round "-"]
[White "AuntieRenie"]
[Black "foda"]
[Result "0-1"]
[WhiteElo "1523"]
[BlackElo "1463"]

1. c4 Nc6 2. Nc3 Nf6 3. Nf3 e5 4. d3 Bb4 5. Bd2 O-O 6. g3 d6 7. Bg2 Bg4 8. O-O
Re8 9. Nd5 Nxd5 10. cxd5 e4 11. Ng5 Qf6 12. dxc6 Qxb2 13. cxb7 Rab8 14. Bxe4
Bxd2 15. Qb1 Bc3 16. Bxh7+ Kf8 17. Qxb2 Bxb2 18. Be4 Bxe2 19. Rfe1 Bxa1 20. Rxa1
f6 21. Nh3 g5 22. Re1 Bxd3 23. f3 d5 24. Bxd3 Rxe1+ 25. Kg2 Rxb7 26. g4 Rb2+ 27.
Kg3 Rxa2 28. Bf5 Re3 29. Nf2 Raa3 30. Be6 Rxe6 31. h4 gxh4+ 32. Kxh4 Rxf3 33. g5
Rxf2 34. g6 Rh2+ 35. Kg4 Rg2+ 36. Kh5 Kg7 37. Kh4 f5 0-1

[Event "Challenge"]
[Site "http://www.queenalice.com/game.php?id=856995"]
[Date "2010.11.9"]
[Round "-"]
[White "foda"]
[Black "jjjcarvalho"]
[Result "1-0"]
[WhiteElo "1461"]
[BlackElo "1623"]

1. Nf3 d5 2. d4 Nc6 3. g3 Bf5 4. Bg2 e6 5. Bg5 f6 6. Bf4 Bd6 7. O-O Bxf4 8. gxf4
Nge7 9. Nc3 a6 10. Re1 Qd6 11. Nh4 Qxf4 12. Nf3 g5 13. e3 Qd6 14. a3 h5 15. b4
h4 16. b5 axb5 17. Nxb5 Qd7 18. c3 Be4 19. Nd2 Bxg2 20. Kxg2 e5 21. dxe5 Nxe5
22. Qb1 c6 23. Nd4 Qg4+ 24. Kh1 h3 25. Rg1 Qd7 26. f4 1-0

[Event "Challenge"]
[Site "http://www.queenalice.com/game.php?id=859455"]
[Date "2010.11.16"]
[Round "-"]
[White "foda"]
[Black "jjjcarvalho"]
[Result "0-1"]
[WhiteElo "1463"]
[BlackElo "1827"]

1. Nf3 d5 2. d4 Nc6 3. g3 Bg4 4. Nh4 e6 5. h3 Bh5 6. Bg2 Be7 7. g4 Bg6 8. e3
Bxh4 9. O-O Qd6 10. Nc3 h6 11. Nb5 Qd7 12. c3 a6 13. Qa4 Bd3 14. Rd1 Bxb5 15.
Qb3 Na5 16. Qc2 Nf6 17. Bd2 Nc4 18. e4 dxe4 19. Bxe4 Nxe4 20. Qxe4 Bc6 21. Qd3
Qd5 22. Qc2 Qg2# 0-1

[Event "AUTO-INT-1915"]
[Site "http://www.queenalice.com/game.php?id=881549"]
[Date "2011.1.5"]
[Round "1"]
[White "zemaria"]
[Black "foda"]
[Result "1-0"]
[WhiteElo "1700"]
[BlackElo "1483"]

1. e4 Nc6 2. d4 d5 3. e5 f6 4. exf6 exf6 5. Nf3 Bg4 6. Nc3 Qe7+ 7. Be3 f5 8. Be2
Nf6 9. O-O Qb4 10. Qc1 Bxf3 11. Bxf3 O-O-O 12. a3 1-0

[Event "AUTO-INT-1915"]
[Site "http://www.queenalice.com/game.php?id=881550"]
[Date "2011.1.5"]
[Round "1"]
[White "foda"]
[Black "zemaria"]
[Result "0-1"]
[WhiteElo "1476"]
[BlackElo "1707"]

1. Nf3 d6 2. g3 e5 3. Bg2 Be6 4. d4 e4 5. Ng5 d5 6. O-O Bd7 7. Nc3 h6 8. Nxf7
Kxf7 9. Nxd5 c6 10. Ne3 Nf6 11. f3 exf3 0-1